Нормален изглед
MARC изглед
- Трифонова, Геновева Атанасова
Вход 01. Лично име
001 - Контролен номер на записа
- Контролно поле: 344076
003 - Код на организацията, даваща контролен номер
- Контролно поле: BLK
005 - Дата и час на последна промяна на записа
- Контролно поле: 20180421000403.0
008 - Данни с фиксирана дължина – обща информация
- Данни с фиксирана дължина : 180421|| aca||aabn | a|a d
100 ## - ИМЕ НА ЛИЦЕ -ПЪРВИЧНА ИНТЕЛЕКТУАЛНА ОТГОВОРНОСТ
- Лично име: Трифонова, Геновева Атанасова
- Ключова дума за отношение: състав.
942 ## - Системна служебна употреба
- Koha auth type: PERSO_NAME